000 00757nam a2200253 i 4500
001 bg
100 1 _aOAKLAND, John
245 1 0 _aBritish civilization :
_ban introduction /
_cJohn Oakland.
260 _aLondon ;
_aNew York :
_bRoutledge,
_c1998.
300 _aXX, 359 s. :
_bil. ;
_c21 cm.
504 _aBibliogr. - Indeks.
650 9 _aWielka Brytania
_xKultura
650 9 _aWielka Brytania
_xhistoria
650 9 _aWielka Brytania
_xpolityka
650 9 _aWielka Brytania
_xgospodarka
020 _a0415165695
040 _cBPK
041 0 _aen
080 _a316.7+94+32:338.22](410)
920 _a0-415-16569-5
942 _cKS
008 s pl f |000 0 pol
999 _c39895
_d39895
856 _uhttp://koha.tu.koszalin.pl/cgi-bin/koha/opac-detail.pl?biblionumber=39895
_yKatalog online BPK